000 00684cab a2200229 4500
001 X2233
008 090401t1995 xxu||||| |||| 00| 0 eng d
035 _a(Sirsi) u22797
041 _aeng
245 _aNew environmental guidance
260 _c1995
350 _a0
490 _aCSM (Chartered Surveyor Monthly)
_v4(6) April 1995, 10(1)
650 _aENVIRONMENTAL MANAGEMENT AND THE CHARTERED SURVEYOR
650 _aENVIRONMENTAL MANAGEMENT
650 _aENVIRONMENTAL MANAGERS
650 _aLAND CONTAMINATION GUIDANCE FOR CHARTERED SURVEYORS
650 _aLAND QUALITY STATEMENTS
690 _aENVIRONMENTAL AND LAND CONSULTANCY
942 _n0
948 _c04/03/1997
999 _c15285
_d15285